[Event "POL-chT U19 43th"]
[Site "Suchedniow"]
[Date "2012.07.??"]
[Round "3"]
[White "Dulak, Karol"]
[Black "Drop, Szymon"]
[Result "0-1"]
[WhiteElo "1453"]
[BlackElo "1766"]
[PlyCount "90"]
[EventDate "2012.07.21"]
[EventType "team-tourn"]
[EventRounds "9"]
[EventCountry "POL"]
[SourceTitle "EXT 2014"]
[Source "ChessBase"]
[SourceDate "2013.11.20"]
[SourceVersion "1"]
[SourceVersionDate "2013.11.20"]
[SourceQuality "1"]
[WhiteTeam "Czarna LKSz GCKiP U19"]
[BlackTeam "Chrzanow UKS SP 8 U19"]
[WhiteTeamCountry "POL"]
[BlackTeamCountry "POL"]

1. c4 e5 2. Nc3 Nf6 3. g3 Nc6 4. Bg2 Bc5 5. e3 d6 6. Nge2 0-0 7. d4 Bb6 8. 0-0 Re8 9. d5 Ne7 10. b3 Ng6 11. Bb2 h5 12. Rc1 h4 13. Ne4 h3 14. Nxf6+ Qxf6 15. Be4 Bg4 16. f3 Bxe3+ 17. Kh1 Bf5 18. Bxf5 Bxc1 19. Qxc1 Qxf5 20. Nc3 Qd7 21. Qd1 f5 22. Qd2 Qe7 23. Qe2 Rf8 24. Nd1 Rae8 25. Nf2 f4 26. g4 Qh4 27. Ne4 Nh8 28. Bc3 Nf7 29. Be1 Qh6 30. Bf2 Ng5 31. Nxg5 Qxg5 32. Qe4 Qh6 33. a4 Qh7 34. Re1 Qxe4 35. Rxe4 a6 36. Kg1 c6 37. Kf1 cxd5 38. cxd5 Rc8 39. Rb4 Rc1+ 40. Be1 Rfc8 41. Rc4 R8xc4 42. bxc4 Rxc4 43. a5 Rc5 44. Ke2 Rxd5 45. Bf2 Rxa5 0-1

[Event "POL-chT U19 43th"]
[Site "Suchedniow"]
[Date "2012.07.??"]
[Round "7"]
[White "Jarmula, Lukasz"]
[Black "Dulak, Karol"]
[Result "1-0"]
[WhiteElo "2145"]
[BlackElo "1453"]
[PlyCount "59"]
[EventDate "2012.07.21"]
[EventType "team-tourn"]
[EventRounds "9"]
[EventCountry "POL"]
[SourceTitle "EXT 2014"]
[Source "ChessBase"]
[SourceDate "2013.11.20"]
[SourceVersion "1"]
[SourceVersionDate "2013.11.20"]
[SourceQuality "1"]
[WhiteTeam "Warszawa Polonia U19"]
[BlackTeam "Czarna LKSz GCKiP U19"]
[WhiteTeamCountry "POL"]
[BlackTeamCountry "POL"]

1. e4 c5 2. Nf3 Nc6 3. d4 cxd4 4. Nxd4 g6 5. c4 Nf6 6. Nc3 Nxd4 7. Qxd4 d6 8. Be2 Bg7 9. Be3 0-0 10. Qd2 Be6 11. 0-0 a6 12. f3 Rc8 13. b3 Qa5 14. Rac1 Rfe8 15. Rfd1 Nd7 16. Bd4 Bxd4+ 17. Qxd4 Qc5 18. Qxc5 Rxc5 19. f4 f5 20. Bf3 Rc7 21. Re1 Nb6 22. a4 fxe4 23. Nxe4 Bf7 24. Ng5 Nc8 25. f5 Na7 26. Rf1 e6 27. fxe6 Bxe6 28. Nxe6 Rxe6 29. Bd5 Rce7 30. Rce1 1-0

[Event "POL-chT U19 43th"]
[Site "Suchedniow"]
[Date "2012.07.??"]
[Round "2"]
[White "Kosakowski, Jakub"]
[Black "Dulak, Karol"]
[Result "1-0"]
[WhiteElo "1619"]
[BlackElo "1453"]
[PlyCount "81"]
[EventDate "2012.07.21"]
[EventType "team-tourn"]
[EventRounds "9"]
[EventCountry "POL"]
[SourceTitle "EXT 2014"]
[Source "ChessBase"]
[SourceDate "2013.11.20"]
[SourceVersion "1"]
[SourceVersionDate "2013.11.20"]
[SourceQuality "1"]
[WhiteTeam "Bialystok MUKS Stoczek 45 U19"]
[BlackTeam "Czarna LKSz GCKiP U19"]
[WhiteTeamCountry "POL"]
[BlackTeamCountry "POL"]

1. e4 c5 2. Nf3 Nc6 3. d4 cxd4 4. Nxd4 d5 5. Bb5 dxe4 6. Nxc6 Qxd1+ 7. Kxd1 a6 8. Nd4+ axb5 9. Nxb5 Kd7 10. N1c3 Nf6 11. Re1 e5 12. Ke2 Bb4 13. Bd2 Ba5 14. Kf1 Ke7 15. Bg5 Bf5 16. b4 Bd8 17. Bxf6+ gxf6 18. Nxe4 Bxe4 19. Rxe4 Kf8 20. Rd1 Be7 21. a3 Rg8 22. Rd7 Rb8 23. f4 Rg4 24. g3 h5 25. Kf2 b6 26. h3 Rg6 27. fxe5 fxe5 28. Rxe5 Re6 29. Rxe6 fxe6 30. Nd4 Kf7 31. Rxe7+ Kxe7 32. Nc6+ Kd6 33. Nxb8 Kc7 34. Na6+ Kb7 35. b5 e5 36. g4 h4 37. g5 e4 38. g6 e3+ 39. Kxe3 Ka7 40. g7 Kb7 41. Ke4 1-0